Musique : Francis Cabrel - Statistiques

Statistiques générales
  • Ce quiz a été pris 325 fois
  • Le résultat moyen est 8 sur 20
Answers on the Grid
Answers color-coded by a green-red scale on the quiz's grid according to % correct below.
Petite Marie
Foule sentimentale
Quand la musique est bonne
L'encre de tes yeux
La corrida
San Francisco
Encore et encore
Pas là
Dans les yeux d'Emilie
Les murs de poussières
Ce n'est rien
Le chêne liège
Hors-saison
So far away from L.A.
La Quiero a Morir
En apesanteur
Le chasseur
Leïla et les chasseurs
Vengo a Ofrecer Mi Corazon
Mon frère
Elle est d'ailleurs
Allô maman bobo
Rockstars du Moyen Âge
C'était l'hiver
Samedi soir sur la Terre
Un homme heureux
Si tu la croises un jour
La vieille
Elle dort
C'est écrit
Je m'en vais
Si jamais j'oublie
La mer est calme
J'écoutais Sweet Baby James
Et mon père
Beau-papa
Ma place dans le trafic
La fille qui m'accompagne
Je suis malade
Pas trop de peine
 
Statistiques - réponses
Réponse % Correct
Petite Marie
98%
La corrida
86%
Encore et encore
80%
L'encre de tes yeux
80%
Les murs de poussières
63%
C'est écrit
49%
Samedi soir sur la Terre
47%
La Quiero a Morir
37%
Hors-saison
34%
C'était l'hiver
29%
La fille qui m'accompagne
28%
Le chêne liège
27%
Ma place dans le trafic
25%
Leïla et les chasseurs
23%
Si tu la croises un jour
21%
Vengo a Ofrecer Mi Corazon
18%
Elle dort
17%
Rockstars du Moyen Âge
15%
Pas trop de peine
11%
J'écoutais Sweet Baby James
7%
Aucun quiz correspondant
Distribution des résultats
% des personnes avec chaque résultat
Percentile par nombre de réponses
Votre historique - résultats
Vous n’avez pas pris ce quiz